Рост кедра сибирского на постоянных лесосеменных участках, формируемых в лесных культурах Северосаянского лесосеменного района Красноярского края (Запись № 4742528)

Подробности
000 -МАРКЕР
контрольное поле 02090nam0a2200397 4500
001 - ИДЕНТИФИКАТОР ЗАПИСИ
контрольное поле RU\NLR\bibl\2032427
005 - ИДЕНТИФИКАТОР ВЕРСИИ
контрольное поле 20260408125429.0
010 ## - МЕЖДУНАРОДНЫЙ СТАНДАРТНЫЙ НОМЕР КНИГИ (ISBN)
Номер (ISBN) 978-5-58173-0552-4
Тираж 100
021 ## - НОМЕР ГОСУДАРСТВЕННОЙ РЕГИСТРАЦИИ
Код страны российская федерация
Номер 2013-27725
Номер Листа государственной регистраци 1912
035 ## - ДРУГИЕ СИСТЕМНЫЕ НОМЕРА
Идентификатор записи (NLR Aleph) 002069711
035 ## - ДРУГИЕ СИСТЕМНЫЕ НОМЕРА
Идентификатор записи (nilc)RuMoRGB-006563329
100 ## - ДАННЫЕ ОБЩЕЙ ОБРАБОТКИ
Данные общей обработки 20131026d2012 u y0rusy50 ca
101 0# - ЯЗЫК РЕСУРСА
Язык текста, звукозаписи и т.д. русский
102 ## - СТРАНА ПУБЛИКАЦИИ ИЛИ ПРОИЗВОДСТВА
Страна публикации российская федерация
105 ## - ПОЛЕ КОДИРОВАННЫХ ДАННЫХ: ТЕКСТОВЫЕ МАТЕРИАЛЫ, МОНОГРАФИЧЕСКИЕ
Кодированные данные о монографическом текстовом документе a |||||||||
200 1# - ЗАГЛАВИЕ И СВЕДЕНИЯ ОБ ОТВЕТСТВЕННОСТИ
Основное заглавие Рост кедра сибирского на постоянных лесосеменных участках, формируемых в лесных культурах Северосаянского лесосеменного района Красноярского края
Сведения, относящиеся к заглавию монография
Первые сведения об ответственности Н. М. Уфимцева, Р. Н. Матвеева, О. Ф. Буторова
Последующие сведения об ответственности М-во образования и науки Российской Федерации, ФГОУ ВПО "Сибирский гос. технологический ун-т"
210 ## - ПУБЛИКАЦИЯ, РАСПРОСТРАНЕНИЕ И ДР.
Место издания, распространения и т.д. Красноярск
Имя издателя, распространителя и т. д. СибГТУ
Дата издания, распространения и т.д. 2012
215 ## - ФИЗИЧЕСКАЯ ХАРАКТЕРИСТИКА
Специфическое обозначение материала и объем 168 с.
Другие сведения о физической характеристике ил., табл.
Размеры 21
320 ## - ПРИМЕЧАНИЯ О НАЛИЧИИ В ДОКУМЕНТЕ БИБЛИОГРАФИИ / УКАЗАТЕЛЯ
Текст примечания Библиогр.: с. 152-168
606 1# - НАИМЕНОВАНИЕ ТЕМЫ КАК ПРЕДМЕТ
Наименование темы Сибирский кедр
Тематический подзаголовок Рост и развитие
Географический подзаголовок Красноярский край
Код системы nlr_sh2
Идентификатор авторитетной/нормативной записи RU\NLR\AUTH\6601539343
606 1# - НАИМЕНОВАНИЕ ТЕМЫ КАК ПРЕДМЕТ
Наименование темы Сибирский кедр
Тематический подзаголовок Культура на семена
Географический подзаголовок Красноярский край
Код системы nlr_sh2
Идентификатор авторитетной/нормативной записи RU\NLR\AUTH\6601539344
686 1# - ИНДЕКСЫ ДРУГИХ КЛАССИФИКАЦИЙ
Индекс П381.1-275(2Р54-4Кра)
686 1# - ИНДЕКСЫ ДРУГИХ КЛАССИФИКАЦИЙ
Индекс П381.1-457(2Р54-4Кра)
700 #1 - ИМЯ ЛИЦА - ПЕРВИЧНАЯ ОТВЕТСТВЕННОСТЬ
Начальный элемент ввода Уфимцева
Часть имени, кроме начального элемента ввода Н. М.
Расширение инициалов личного имени Нина Мечиславовна
701 #1 - ИМЯ ЛИЦА - АЛЬТЕРНАТИВНАЯ ОТВЕТСТВЕННОСТЬ
Начальный элемент ввода Матвеева
Часть имени, кроме начального элемента ввода Р. Н.
Дополнения к именам, кроме дат д-р с.-х. наук
Даты 1942-
Расширение инициалов личного имени Римма Никитична
Идентификатор авторитетной/нормативной записи RU\NLR\AUTH\7739655
701 #1 - ИМЯ ЛИЦА - АЛЬТЕРНАТИВНАЯ ОТВЕТСТВЕННОСТЬ
Начальный элемент ввода Буторова
Часть имени, кроме начального элемента ввода О. Ф.
Дополнения к именам, кроме дат д-р с.-х. наук
Расширение инициалов личного имени Ольга Федоровна
Идентификатор авторитетной/нормативной записи RU\NLR\AUTH\770151064
801 #0 - ИСТОЧНИК ЗАПИСИ
Страна российская федерация
Организация RuMoRKP
Дата составления 20130408
Правила каталогизации RCR
801 #1 - ИСТОЧНИК ЗАПИСИ
Страна российская федерация
Организация RuMoRKP
Дата составления 20130408
Источник данных rusmarc
801 #2 - ИСТОЧНИК ЗАПИСИ
Страна российская федерация
Организация РГБ
Дата составления 20130424
Правила каталогизации rcr
801 #2 - ИСТОЧНИК ЗАПИСИ
Страна российская федерация
Организация NLR
Дата составления 20130514
Правила каталогизации rcr
942 ## - ДОПОЛНИТЕЛЬНЫЕ ЭЛЕМЕНТЫ ЗАПИСИ (АБИС)
Тип экземпляра АБИС Книга
980 ## - КОЛЛЕКЦИЯ
Название коллекции НБР
980 ## - КОЛЛЕКЦИЯ
Название коллекции Национальная библиография

Нет доступных экземпляров.